00553nam a2200205Ia 450000500170000000800410001702000130005804000190007104100120009008200130010210000170011524500480013225000160018026000450019630000130024150400290025465000320028365100220031585000100033720210831113020.0131103s9999 xx 000 0 und d a33359326 aLoreto College aEnglish a320bBAL aBall, Alan R aModen polities and governmentcAlan R. Ball a5th edition aHoundmillan PressbMacmillan Pressc1993 axv,276p  a1st edition pub in 1971 aPolitics , Political System aPolitical Science aLCLIB